000
00293nam a22001337a 4500
003
NUST
038
_a
Muhammad Ibrahim
082
_a
355.0095491
_b
PAK 2010
245
_a
PAKISTAN ARMY GREEN BOOK
_c
GHQ
260
_a
Rawalpindi
_b
GHQ
_c
2010
300
_a
238
563
_a
P.B
942
_c
BK
_2
ddc
999
_c
589449
_d
589449